Alejandro y la civilizacion helenística /
Guardado en:
| Autor Principal: | |
|---|---|
| Formato: | Libro |
| Publicado: |
Buenos Aires :
Kapelusz,
1972
|
| Series: | Serie Historia Universal
|
| Materias: | |
| Etiquetas: |
Agregar Etiqueta
Sin Etiquetas, Sea el primero en etiquetar este registro!
|
| LEADER | 00776nam a22002175a 4500 | ||
|---|---|---|---|
| 001 | CEM.cems009805 | ||
| 005 | 20080703111837.0 | ||
| 008 | 130507s1972##################000#0#####d | ||
| 003 | CEMS | ||
| 082 | 0 | 4 | |a 938 |
| 100 | 1 | |a Feo, Herminia | |
| 245 | 1 | 0 | |a Alejandro y la civilizacion helenística / |c Herminia Feo |
| 260 | |a Buenos Aires : |b Kapelusz, |c 1972 | ||
| 300 | |a 77 p. | ||
| 490 | 0 | |a Serie Historia Universal | |
| 505 | 0 | |a Grecia despues de las Guerras Médicas -- Filipo y la expansión de Macedonia -- Alejandro y la conquista del imperio universal -- Economía del período helenístico | |
| 653 | |a Civilización helenística | ||
| 653 | |a Historia | ||
| 653 | |a Historia antigua | ||
| 653 | |a Historia de roma | ||
| 859 | |a CEMS |b BIB. CEMS - 11 de abril |h 938 |i F369 |p 13680.86 |t Ej.1 | ||
